Naufragios
Saved in:
| Main Author: | |
|---|---|
| Format: | Book |
| Language: | Spanish |
| Published: |
Buenos Aires
Corregidor
2013
|
| Edition: | 1a. ed |
| Series: | La Inteligencia Americana, 6
|
| Subjects: | |
| Tags: |
Add Tag
No Tags, Be the first to tag this record!
|
MARC
| LEADER | 00000cam a2200000 a 4500 | ||
|---|---|---|---|
| 001 | UCC3636 | ||
| 003 | CL-VaPUC | ||
| 008 | 180531e20130000ag |||||||||||||||||spa|d | ||
| 020 | |a 9789500520775 | ||
| 082 | 0 | 4 | |a 910.45 |b NUÑ |2 21 |
| 100 | |a Núñez Cabeza de Vaca, Alvar |e autor |9 302252 | ||
| 245 | 1 | 0 | |a Naufragios |
| 250 | |a 1a. ed | ||
| 300 | |a 320 p | ||
| 942 | |c BK | ||
| 945 | |d 20180531 16:15:00 |a dcastane | ||
| 260 | |a Buenos Aires |b Corregidor |c 2013 | ||
| 650 | 7 | |a DESCUBRIMIENTOS Y EXPLORACIONES SIGLO 16 |2 CL-VaPUC |9 456333 | |
| 650 | 0 | |a Descubrimientos y expediciones |9 487699 | |
| 583 | |a last modification |c 20180531 16:15:00 |k Rodrigo Vera | ||
| 490 | 0 | |a La Inteligencia Americana, 6 | |
| 999 | |c 371328 |d 371326 | ||